Congreso Nacional Pedagógico (Record no. 40448)

MARC details
000 -LEADER
campo de control de longitud fija 00679nam a2200181 i 4500
001 - NÚMERO DE CONTROL
campo de control 40448
003 - IDENTIFICADOR DE NÚMERO DE CONTROL
campo de control ES-MaACL
005 - FECHA Y HORA DE LA ÚLTIMA TRANSACCIÓN
campo de control 20250930063044.0
007 - CAMPO FIJO DE DESCRIPCIÓN FÍSICA--INFORMACIÓN GENERAL
campo de control de longitud fija t|
008 - DATOS DE LONGITUD FIJA--INFORMACIÓN GENERAL
campo de control de longitud fija 030306s1882 sp ||||1| spa d
100 1# - ENTRADA PRINCIPAL--NOMBRE DE PERSONA
Nombre de persona Carderera, Mariano,
Fechas asociadas al nombre 1816-1893
9 (RLIN) 35158
245 10 - MENCIÓN DEL TÍTULO
Título Congreso Nacional Pedagógico
Resto del título : discurso resumen de las sesiones leído en la clausura celebrada en 5 de junio de 1882 /
Mención de responsabilidad, etc. Mariano Carderera.
260 ## - PUBLICACIÓN, DISTRIBUCIÓN, ETC.
Lugar de publicación, distribución, etc. Madrid :
Nombre del editor, distribuidor, etc. [s.n.],
Fecha de publicación, distribución, etc. 1882 (
Fabricante Impr. de Gregorio Hernando)
300 ## - DESCRIPCIÓN FÍSICA
Extensión 53 p. ;
Dimensiones 16 cm.
711 2# - ENTRADA AGREGADA--NOMBRE DE REUNIÓN
Nombre de congreso/reunión o jurisdicción como elemento de entrada Congreso Nacional Pedagógico (
Fecha del congreso o de la firma del tratado 1882.
Sede del congreso/Lugar de la reunión Madrid)
9 (RLIN) 567
852 ## - LOCALIZACIÓN
Ubicación ES-MaACL
Número de control de estantería T-1305-F-1
Holdings
Estatus retirado Estado de pérdida Estado de daño No para préstamo Colección Biblioteca de origen Biblioteca actual Ubicación en estantería Fecha de adquisición Fuente de adquisición Total de préstamos Signatura topográfica completa Código de barras Visto por última vez Precio de reemplazo Tipo de ítem Koha
        Colección de folletos Biblioteca del Ateneo de Madrid Biblioteca del Ateneo de Madrid Depósito folletos 17/01/2008     T-1305-F-1 1042583 23/02/2023 23/02/2023 Folleto